Geodézia a kartografia
Na minha lista:
| Autor principal: | |
|---|---|
| Formato: | Livro |
| Idioma: | eslovaco |
| Publicado em: |
Bratislava :
SVŠT v Bratislave,
1987
|
| Tags: |
Sem tags, seja o primeiro a adicionar uma tag!
|
MARC
| LEADER | 00000nam a22000003a 4500 | ||
|---|---|---|---|
| 001 | stu29842 | ||
| 005 | 20150617225734.4 | ||
| 008 | 951010s1987----xo------------------slo-d | ||
| 040 | |a STU |b slo | ||
| 041 | 0 | |a slo | |
| 044 | |a xo | ||
| 080 | |a 528(075.8) | ||
| 100 | 1 | |a Staněk, Vlastimil, |d 1936- |4 aut |X 671 |7 A000000671 | |
| 245 | 1 | |a Geodézia a kartografia | |
| 260 | |a Bratislava : |b SVŠT v Bratislave, |c 1987 | ||
| 300 | |a 119 s | ||
| 996 | |b 284V020254 |c V*26310/S-87 |l VVS |s A |a 24 |w stu29842_0009 | ||
| 996 | |b 284V020256 |c V*26311/S-87 |l VVS |s A |a 24 |w stu29842_0012 | ||
| 996 | |b 284V020257 |c V*29529/S-88 |l VVS |s A |a 24 |w stu29842_0013 | ||
| 996 | |b 284V020258 |c V*29530/S-88 |l VVS |s A |a 24 |w stu29842_0014 | ||
| 996 | |b 284V024710 |c V*34791/O-14359 |l VVT |s A |a 24 |w stu29842_0015 | ||